Success for playing field safeguards (Record no. 81329)

MARC details
000 -LEADER
fixed length control field 01165cad a22002295a 4500
001 - CONTROL NUMBER
control field L146923
008 - FIXED-LENGTH DATA ELEMENTS--GENERAL INFORMATION
fixed length control field 090312e20090311xxk f 000 0 eng d
035 ## - SYSTEM CONTROL NUMBER
System control number (Sirsi) u146923
041 0# - LANGUAGE CODE
Language code of text/sound track or separate title eng
050 04 - LIBRARY OF CONGRESS CALL NUMBER
Classification number 711.58 $2 18
110 2# - MAIN ENTRY--CORPORATE NAME
Corporate name or jurisdiction name as entry element Sport England
9 (RLIN) 3763
245 00 - TITLE STATEMENT
Title Success for playing field safeguards
Medium [electronic resource]
260 ## - PUBLICATION, DISTRIBUTION, ETC.
Place of publication, distribution, etc. London
Name of publisher, distributor, etc. Sport England
Date of publication, distribution, etc. 2009
490 #0 - SERIES STATEMENT
Series statement Sport England Press Release
Volume/sequential designation 11 March 2009
520 ## - SUMMARY, ETC.
Summary, etc. Figures released by Sport England suggest that their initiative to protect playing fields is having a positive impact, with 97.5% of planning applications in 2006-07 which affected playing fields resulting in improved or protected sports provision, and with negotiation leading to better provision in over half the cases where Sport England had initially objected to an application.
521 2# - TARGET AUDIENCE NOTE
Target audience note Advanced
590 ## - LOCAL NOTE (RLIN)
Local note KA
651 #4 - SUBJECT ADDED ENTRY--GEOGRAPHIC NAME
Geographic name England
Chronological subdivision 886-
690 ## - LOCAL SUBJECT ADDED ENTRY--TOPICAL TERM (OCLC, RLIN)
Topical term or geographic name as entry element PROPERTY-COMMERCIAL PROPERTY-LEISURE PROPERTY-SPORTS PROPERTY
856 40 - ELECTRONIC LOCATION AND ACCESS
Uniform Resource Identifier <a href="https://www.sportengland.org/news/press_releases/success_for_playing_field_safeguards.htm">https://www.sportengland.org/news/press_releases/success_for_playing_field_safeguards.htm</a>
Public note View the press release free of charge at www.sportengland.org...
942 ## - ADDED ENTRY ELEMENTS (KOHA)
Suppress in OPAC 0
Holdings
Withdrawn status Lost status Source of classification or shelving scheme Damaged status Not for loan Home library Current library Shelving location Date acquired Total Checkouts Full call number Barcode Date last seen Copy number Price effective from Koha item type
    Dewey Decimal Classification     Virtual Virtual Online 12/03/2009   ONLINE PUBLICATION 146923-2001 06/08/2019 1 06/08/2019 Journal article